000 01273pam a2200337 a 4500
999 _c478634
_d478634
001 3924240
003 NUST
005 20180620081327.0
008 921006s1993 nyua b 001 0 eng
010 _a 92033570
020 _a0471821888 (acidfree paper)
038 _a0
040 _aDLC
_cDLC
_dDLC
050 0 0 _aBF39
_b.M56 1993
082 0 0 _a150/.72
_220
100 1 _aMinium, Edward W.,
_d1917-
_911144
245 1 0 _aStatistical reasoning in psychology and education /
_cEdward W. Minium, Bruce M. King, Gordon Bear.
250 _a3rd ed.
260 _aNew York :
_bWiley,
_cc1993.
300 _axiii, 590 p. :
_bcol. ill. ;
_c27 cm.
504 _aIncludes bibliographical references (p. 580-583) and index.
650 0 _aPsychometrics.
_910728
650 0 _aEducational statistics.
_911145
700 1 _aKing, Bruce M.
_911146
700 1 _aBear, Gordon R.,
_d1941-
_911147
856 4 _3Table of Contents only
_uhttp://www.loc.gov/catdir/toc/onix01/92033570.html
856 4 2 _3Publisher description
_uhttp://www.loc.gov/catdir/enhancements/fy0607/92033570-d.html
906 _a7
_bcbc
_corignew
_d1
_eocip
_f19
_gy-gencatlg
942 _2ddc
_cBK